Statistiken für Die Top 16 der PDC Order of Merit 2009

Klicken Sie hier um das Quiz zu spielen!

Allgemein

  • Dieses Quiz wurde 9 mal gespielt
  • Das Durchschnittsergebnis liegt bei 11 aus 16

Antwortstatistiken

WeltranglistenplatzLandDartsspieler% Korrekt
8EnglandAdrian Lewis
100%
3EnglandJames Wade
100%
1EnglandPhil Taylor
100%
4KanadaJohn Part
88%
2NiederlandeRaymond van Barneveld
88%
10EnglandColin Lloyd
63%
6EnglandMervyn King
63%
7EnglandRonnie Baxter
63%
5EnglandTerry Jenkins
63%
14EnglandAndy Hamilton
50%
11EnglandColin Osborne
50%
9EnglandDennis Priestley
50%
15EnglandKevin Painter
50%
12EnglandMark Walsh
50%
16SchottlandRobert Thornton
50%
13EnglandAlan Tabern
38%

Verteilung der Resultate

Perzentil nach korrekt beantworteten Fragen

Anzahl Personen mit jedem Resultat

Ihre Resultats-Entwicklung

Sie haben dieses Quiz noch nicht gespielt